ARRUPE JESUIT UNIVERSITY

CORONAVIRUS -STOP THE SPREAD - CLEAN,DISINFECT,COVER

The gold regions of South Eastern Africa / (Record no. 35677)

MARC details
000 -LEADER
fixed length control field 00719nam a2200229Ia 4500
003 - CONTROL NUMBER IDENTIFIER
control field 0100
005 - DATE AND TIME OF LATEST TRANSACTION
control field 20180219142742.0
008 - FIXED-LENGTH DATA ELEMENTS--GENERAL INFORMATION
fixed length control field 130303s9999 xx 000 0 und d
040 ## - CATALOGING SOURCE
Transcribing agency ARRUPELIB
050 ## - LIBRARY OF CONGRESS CALL NUMBER
Classification number DT745.B2 1968
300 ## - PHYSICAL DESCRIPTION
Other physical details 240p. 23cm.
100 ## - MAIN ENTRY--PERSONAL NAME
Personal name Baines, Thomas
9 (RLIN) 22013
245 #4 - TITLE STATEMENT
Title The gold regions of South Eastern Africa /
260 ## - PUBLICATION, DISTRIBUTION, ETC. (IMPRINT)
Place of publication, distribution, etc Bulawayo
Name of publisher, distributor, etc Books of Rhodesia
Date of publication, distribution, etc 1968
300 ## - PHYSICAL DESCRIPTION
Extent xxiv
440 ## - SERIES STATEMENT/ADDED ENTRY--TITLE
Title Rhodesians Reprint Library: Gold series n. 1
9 (RLIN) 22014
650 ## - SUBJECT ADDED ENTRY--TOPICAL TERM
Topical term or geographic name as entry element Gold mines and mining
Geographic subdivision Africa
9 (RLIN) 39378
650 ## - SUBJECT ADDED ENTRY--TOPICAL TERM
Topical term or geographic name as entry element Africa, Southern
General subdivision Description and travel
9 (RLIN) 39332
942 ## - ADDED ENTRY ELEMENTS (KOHA)
Source of classification or shelving scheme Library of Congress Classification
Koha item type SPC
Holdings
Withdrawn status Lost status Source of classification or shelving scheme Damaged status Not for loan Collection code Home library Current library Shelving location Date acquired Total Checkouts Full call number Barcode Date last seen Copy number Price effective from Koha item type
    Library of Congress Classification     Main Collection ARRUPE LIBRARY ARRUPE LIBRARY   27/02/2013   SPC DT745.B2 1877 46407345 27/02/2013 1 27/02/2013 Monograph ( Printed materials)
    Library of Congress Classification     Main Collection ARRUPE LIBRARY ARRUPE LIBRARY   04/03/2013   DT745.B2 1968 46600000540 07/12/2017 2 04/03/2013 Monograph ( Printed materials)
    Library of Congress Classification     SPECIAL Collection ARRUPE LIBRARY ARRUPE LIBRARY Main Collection 06/05/2014   SPC DT745.B2 1968 46500000778 06/05/2014 3 06/05/2014 REFERENCE
    Library of Congress Classification     SPECIAL Collection ARRUPE LIBRARY ARRUPE LIBRARY Main Collection 28/01/2016   SPC DT745.B2 1968 46500006062 05/07/2018 4 28/01/2016 SPC

 

Arrupe Library. PO Box MP320 Mt Pleasant, Harare, Zimbabwe
263 242 745411|librarian@aju.ac.zw